00410nam a2200181Ia 4500008004100000020001300041050001400054100001800068245002500086245001800111260001500129260001600144260000900160300001400169300002700183300001000210500000800220170918s9999 xx 000 0 und d a59063892 bG441 1991 aGibbons, Gail aFrom seed to plant / cGail Gibbons. aNew York : bScholastic, c1991 aunpaged : bcolored illustration ; c21cm. a660